| 000 | 00415nam a2200181Ia 4500 | ||
|---|---|---|---|
| 005 | 20250603145633.0 | ||
| 008 | 250603s9999 xx 000 0 und d | ||
| 020 | _a9783479037 | ||
| 050 | _aPN 1992.5 .O98/ | ||
| 100 | _aOwuamalam O. Emman | ||
| 245 | 0 | _aRadio - Tv production | |
| 260 | _aOwerri | ||
| 260 | _bTop class agencies | ||
| 260 | _c2007 | ||
| 300 | _a330 p | ||
| 650 | _aOwerri | ||
| 942 | _cBK | ||
| 999 |
_c42419 _d42419 |
||